000 00290nam a2200085Ia 4500
245 0 _aEntrepreneurship, training, education and job creation
100 _a Hewitt, L. L. M. [Stellenbosch, South Africa?], 2011 1st ed
_947372
942 _cBK
008 210817s9999 xx 000 0 und d
999 _c325425
_d325424